IFM Opac

Ecgd credity insurance and financial supportmservices (Record no. 18460)

MARC details
000 -LEADER
fixed length control field 00474nam a22001457a 4500
082 ## - DEWEY DECIMAL CLASSIFICATION NUMBER
Classification number 368.87GRE
100 ## - MAIN ENTRY--PERSONAL NAME
Personal name Ecgd credit insurance and financial suppport services
245 ## - TITLE STATEMENT
Title Ecgd credity insurance and financial supportmservices
250 ## - EDITION STATEMENT
Edition statement 3rd ed.
260 ## - PUBLICATION, DISTRIBUTION, ETC.
Place of publication, distribution, etc. London
Date of publication, distribution, etc. A board of trade publication
300 ## - PHYSICAL DESCRIPTION
Extent i,24p.
Other physical details 23cm.
650 ## - SUBJECT ADDED ENTRY--TOPICAL TERM
Topical term or geographic name entry element Ecgd credit insurance and financial suppport services
700 ## - ADDED ENTRY--PERSONAL NAME
Personal name Board of trade export handbook number 2.
942 ## - ADDED ENTRY ELEMENTS (KOHA)
Koha item type Books
Holdings
Withdrawn status Lost status Damaged status Not for loan Home library Current library Shelving location Date acquired Total Checkouts Full call number Barcode Date last seen Price effective from Koha item type
Withdrawn       IFM Main Campus Library IFM Main Campus Library Archival Collection 08/16/2017   368.87GRE 0000011662 08/16/2017 02/19/2022 Books